載入...

Kucelavrttamvancippattu

書目詳細資料
主要作者: Ramapurattuvariyar
格式: Printed Book
語言:English
出版: Kottayam Vidyartimitram 1966
主題:
LEADER 00703nam a2200253 a 4500
001 adlib96000001
003 ViArRB
005 20151026132515.0
008 960221s1955 dcuabcdjdbkoqu001 0deng d
020
022
040 |a Adlib 
082 |a 89 M-1 
245 |a Kucelavrttamvancippattu 
250
260 |a Kottayam  |b Vidyartimitram  |c 1966 
300 |a 110p. 
500 |a  With a critical introduction and notes by Matasseri Madhava variyar 
100 |a Ramapurattuvariyar 
700
942 |c BK  |6 _ 
653 |a Kucelavrttamvancippattu 
999 |c 50180  |d 50180 
952 |0 0  |1 0  |4 0  |6 89_M1RVKUNAD  |7 0  |9 63046  |a UL  |b UL  |d 2010-06-19  |o 89 M-1 RV/KU NAD  |p H0000646  |r 2010-06-19  |w 2010-06-19  |y BK